Benson Boone - Fireworks & Rollerblades (Tracklist) - Statistics

General Stats
  • This quiz has been taken 445 times
  • The average score is 11 of 15
Answer Stats
Answer % Correct
Beautiful Things
93%
Cry
88%
Slow It Down
86%
Intro
84%
Be Someone
82%
In The Stars
78%
Drunk In My Mind
76%
Hello Love
73%
Friend
71%
Ghost Town
69%
My Greatest Fear
66%
Forever and a Day
64%
What Do You Want
64%
Love Of Mine
63%
There She Goes
61%
No matching quizzes found
Score Distribution
Percent of People with Each Score
Percentile by Number Answered
Your Score History
You have not taken this quiz